<?xml version="1.0" encoding="UTF-8"?>
<collection xmlns="http://www.loc.gov/MARC21/slim">
 <record>
  <leader>03586nam a2200421 a 4500</leader>
  <controlfield tag="001">1/45250</controlfield>
  <controlfield tag="008">140821s2001    uk            001 0 eng  </controlfield>
  <datafield tag="020" ind1=" " ind2=" ">
   <subfield code="a">9781429483650 (electronic bk.)</subfield>
  </datafield>
  <datafield tag="020" ind1=" " ind2=" ">
   <subfield code="a">1429483652 (electronic bk.)</subfield>
  </datafield>
  <datafield tag="020" ind1=" " ind2=" ">
   <subfield code="a">9780080498065 (electronic bk.)</subfield>
  </datafield>
  <datafield tag="020" ind1=" " ind2=" ">
   <subfield code="a">008049806X (electronic bk.)</subfield>
  </datafield>
  <datafield tag="020" ind1=" " ind2=" ">
   <subfield code="z">9780750643559</subfield>
  </datafield>
  <datafield tag="020" ind1=" " ind2=" ">
   <subfield code="z">0750643552</subfield>
  </datafield>
  <datafield tag="035" ind1=" " ind2=" ">
   <subfield code="l">48209</subfield>
  </datafield>
  <datafield tag="040" ind1=" " ind2=" ">
   <subfield code="a">OPELS</subfield>
   <subfield code="b">eng</subfield>
   <subfield code="c">OPELS</subfield>
   <subfield code="d">BAKER</subfield>
   <subfield code="d">OKU</subfield>
   <subfield code="d">OCLCQ</subfield>
   <subfield code="d">N$T</subfield>
   <subfield code="d">YDXCP</subfield>
   <subfield code="d">ZCU</subfield>
   <subfield code="d">E7B</subfield>
   <subfield code="d">OCLCO</subfield>
   <subfield code="d">UMI</subfield>
   <subfield code="d">OCLCO</subfield>
   <subfield code="d">KNOVL</subfield>
   <subfield code="d">DEBSZ</subfield>
   <subfield code="d">GR-PeUP</subfield>
  </datafield>
  <datafield tag="100" ind1="1" ind2=" ">
   <subfield code="a">Kitchen, Ronald.</subfield>
  </datafield>
  <datafield tag="245" ind1="1" ind2="0">
   <subfield code="a">RF and microwave radiation safety handbook</subfield>
   <subfield code="h">[electronic resource] /</subfield>
   <subfield code="c">Ronald Kitchen.</subfield>
  </datafield>
  <datafield tag="246" ind1="1" ind2="4">
   <subfield code="a">RF &amp; microwave radiation safety</subfield>
  </datafield>
  <datafield tag="246" ind1="3" ind2=" ">
   <subfield code="a">Radio frequency and microwave radiation safety handbook</subfield>
  </datafield>
  <datafield tag="250" ind1=" " ind2=" ">
   <subfield code="a">2nd ed.</subfield>
  </datafield>
  <datafield tag="260" ind1=" " ind2=" ">
   <subfield code="a">Oxford ;</subfield>
   <subfield code="a">Boston :</subfield>
   <subfield code="b">Newnes,</subfield>
   <subfield code="c">2001.</subfield>
  </datafield>
  <datafield tag="300" ind1=" " ind2=" ">
   <subfield code="a">1 online resource (viii, 433 p.) :</subfield>
   <subfield code="b">ill.</subfield>
  </datafield>
  <datafield tag="500" ind1=" " ind2=" ">
   <subfield code="a">&quot;First published 1993 by Butterworth-Heinemann as RF Radiation Safety Handbook&quot;--T.p. verso.</subfield>
  </datafield>
  <datafield tag="504" ind1=" " ind2=" ">
   <subfield code="a">Includes bibliographical references (p. 422-427) and index.</subfield>
  </datafield>
  <datafield tag="505" ind1="0" ind2=" ">
   <subfield code="a">Introduction to RF and microwave radiation -- Sources of radio frequency radiation -- Effects of radio frequency radiation -- The development of standards for human safety -- The calculation of RF field quantities -- Mobile communications systems -- RF radiation measuring instruments and methods -- X-rays and X-ray measuring instruments -- Planning surveys and measurements -- Conducting radiation measurements and surveys -- Designing to reduce radiation hazards -- Radio frequency radiation safety management and training.</subfield>
  </datafield>
  <datafield tag="520" ind1=" " ind2=" ">
   <subfield code="a">The leading professional guide to RF and microwave safety issues A practical handbook for all involved in electronic design and safety assessment, RF and Microwave Radiation Safety covers the problems of RF safety management, including the use of measuring instruments and methods, radiation hazards and risks resulting from electromagnetic interference, as well as reviewing current safety standards and the implications for RF design. The second edition takes into account a wide range of technical and legislative changes, and has been revised in line with the latest EU and international standards. Issues raised by increasing levels of microwave pollution from mobile phones and other sources are also confronted. New material covers: * International Radiological Protection Commission (IRPC): new recommendations published in 1998 * European Broadcasting Union (EBU)'s new guide * EU Physical Agents Directive and Machines Directive (both of which cover radio transmitters) * UK National Radiological Protection Board (UKNRPB) new guidance on safety levels Covers radiation hazards and risks resulting from electromagnetic interference Leading professional guide to RF and microwave safety issues Revised in line with the latest the EU and international standards.</subfield>
  </datafield>
  <datafield tag="650" ind1=" " ind2="4">
   <subfield code="a">Radio frequency</subfield>
   <subfield code="x">Safety measures.</subfield>
  </datafield>
  <datafield tag="650" ind1=" " ind2="4">
   <subfield code="a">Radio frequency</subfield>
   <subfield code="x">Physiological effect.</subfield>
  </datafield>
  <datafield tag="650" ind1=" " ind2="4">
   <subfield code="a">Radiation</subfield>
   <subfield code="x">Safety measures.</subfield>
  </datafield>
  <datafield tag="650" ind1=" " ind2="4">
   <subfield code="a">Radiation</subfield>
   <subfield code="x">Physiological effect.</subfield>
  </datafield>
  <datafield tag="650" ind1=" " ind2="4">
   <subfield code="a">Microwaves</subfield>
   <subfield code="x">Safety measures.</subfield>
  </datafield>
  <datafield tag="650" ind1=" " ind2="4">
   <subfield code="a">Microwaves</subfield>
   <subfield code="x">Physiological effect.</subfield>
  </datafield>
  <datafield tag="655" ind1=" " ind2="4">
   <subfield code="a">Electronic books.</subfield>
  </datafield>
  <datafield tag="700" ind1="1" ind2=" ">
   <subfield code="a">Kitchen, Ronald.</subfield>
   <subfield code="t">RF radiation safety handbook.</subfield>
  </datafield>
  <datafield tag="852" ind1=" " ind2=" ">
   <subfield code="a">INST</subfield>
   <subfield code="b">UNIPILB</subfield>
   <subfield code="c">EBOOKS</subfield>
   <subfield code="e">20140821</subfield>
   <subfield code="p">00b48209</subfield>
   <subfield code="q">00b48209</subfield>
   <subfield code="t">ONLINE</subfield>
   <subfield code="y">0</subfield>
  </datafield>
  <datafield tag="856" ind1="4" ind2="0">
   <subfield code="3">ScienceDirect</subfield>
   <subfield code="u">http://www.sciencedirect.com/science/book/9780750643559</subfield>
  </datafield>
  <datafield tag="856" ind1="4" ind2=" ">
   <subfield code="d">/webopac/covers/03/48209_9780080498065.jpg</subfield>
   <subfield code="z">(electronic bk.)</subfield>
  </datafield>
  <datafield tag="856" ind1="4" ind2=" ">
   <subfield code="d">/webopac/covers/03/48209_008049806X.jpg</subfield>
   <subfield code="z">(electronic bk.)</subfield>
  </datafield>
 </record>
</collection>
